00532 2200193 4500001002100000005001500021035002000036007000300056008004100059020001800100082001000118084001600128100002400144245005600168260004500224300002400269600002400293990002100317INLIS00000000000033520220530085432 a0010-0522000035ta220530 0 ind  a9786021143315 a155.2 a155.2 IDA p0 aIda Ayu Putu Beni P1 aPendidikan karakter bangsa 10 : semangat kebangsaan aJakarta :bMustika Pustaka Negeri,c2017 a72 :bilus ;c29 cm 4apendidikan karakter a310/smpn7/sby/18